000 01308nas a2200277 454500
001 12786
005 20260407193504.0
008 260407s2004####ag###########|||spa#d
003 AR-UNSa-BCEJYS
040 _aAR-UNSa-BCEJYS
_bspa
_cAR-UNSa-BCEJYS
080 _a657.47
_xContabilidad de Costos
245 1 0 _aCostos y gestión
_pRevista del Instituto Argentino de Profesores Universitarios de Costos
022 _a0327-5345
264 1 _aBuenos Aires :
_bLa Ley
_c2004
310 _aFrecuencia: Trimestral
520 _aEsta publicación ha adquirido prestigio a nivel nacional e internacional en la especialidad, a lo largo de sus ediciones. El contenido es seleccionado por un Consejo Editorial, integrado por el Director de la Revista, un representante de la Comisión Directiva y un representante de la Comisión Técnica. El editor responsable de la misma recae en persona del Presidente del IAPUCO.
041 _aspa
942 _cSER
590 _aniveau_biblio:s niveau_hierar:1
100 1 _aLavolpe, Antonio
700 1 _aIAPUCO (Instituto Argentino de Profesores Universitarios de Costos)
650 _aCONTABILIDAD
650 _aContabilidad de costos
650 _aGestión
856 4 1 _uhttps://biblioeco.unsa.edu.ar/pmb/images/revistas/Costos y Gestion.jpg
_yImagen de portada
_qimage/jpeg
999 _c8452
_d8452